| 000 | 01475nam0a2200385 4500 | ||
|---|---|---|---|
| 001 | RU\NLR\bibl\83995 | ||
| 005 | 20250616105459.0 | ||
| 010 |
_a5-88782-392-5 _977500 |
||
| 020 |
_aRU _b98-28161 _9Книжная летопись |
||
| 021 |
_aRU _b98-18684 _9889 |
||
| 035 | _a(NLR Aleph) 000082034 | ||
| 090 |
_a457127 _c457127 |
||
| 100 | _a20000410d1998 |||y0rusy50 ca | ||
| 101 | 1 |
_arus _ceng |
|
| 102 | _aRU | ||
| 105 | _aa ||||||||| | ||
| 200 | 1 |
_aMicrosoft Visual C++5 с самого начала _e[14 уроков для начинающих _eПер. с англ.] _fС. Холзнер |
|
| 210 |
_aСПб. и др. _cПитер паблишинг _d1998 |
||
| 215 |
_a478 с. _cил. _d22 |
||
| 320 | _aАлф. указ.: с. 472-478 | ||
| 606 | 0 |
_aMICROSOFT VISUAL C++ 5.0, язык программирования _jРуководства, пособия и т.п. _92080483 _3RU\NLR\auth\661256419 |
|
| 610 | 0 | _aПрограммирования языки | |
| 610 | 0 | _aВизуальное программирование | |
| 675 |
_a681.3:004.451 _v3 _zrus |
||
| 686 |
_a50 _2rugasnti |
||
| 686 |
_a32.973.26-018.2 _2rubbk |
||
| 686 | _aЗ973.23-018.1я7 | ||
| 700 | 1 |
_4070 _7ca _8rus _aХольцнер _bС. _f1957-2013 _gСтивен _9203547 _3RU\NLR\AUTH\770203598 |
|
| 801 | 0 |
_aRU _bRKP _c20000410 _gPSBO |
|
| 801 | 1 |
_aRU _bRKP _c20000410 |
|
| 801 | 2 |
_aRU _bNLR _c20000515 _grcr |
|
| 852 |
_aNLR _j98-7/793 |
||
| 942 | _cBOOK | ||
| 980 | _aNB | ||